000 00392nam a2200157Ia 4500
008 151213s9999 xx 000 0 und d
100 _aPro. Md.Altaf Hossan
245 _aThe Limitation Act
_cPro. Md.Altaf Hossan
250 _aNew
260 _aDhaka
_bLaw Book Center
_c2003
300 _a2884 p.
650 _aLaw
650 _aLaw
700 _aPro. Md.Altaf Hossan
999 _c1977
_d1977